Top 100 najpopularniejszych filmów na LETTERBOXD - Statystyki

Ogólne statystyki
  • Ten quiz został rozwiązany 38 razy
    4 od ostatniego zresetowania
  • Średni wynik to 40 z 100
Statystyki odpowiedzi
Rok produkcji Film % Poprawnych
5. 2016 La La Land
100%
10. 1994 Pulp Fiction
100%
3. 2023 Barbie
67%
23. 2022 Batman
67%
36. 2009 Bękarty wojny
67%
46. 2023 Biedne istoty
67%
34. 1997 Buntownik z wyboru
67%
32. 2010 Czarny łabędź
67%
60. 2012 Django
67%
80. 2022 Glass Onion
67%
6. 2025 Grzesznicy
67%
22. 2010 Incepcja
67%
1. 2014 Interstellar
67%
62. 2025 Jedna bitwa po drugiej
67%
18. 2019 Joker
67%
19. 2008 Mroczny Rycerz
67%
24. 2019 Na noże
67%
54. 1972 Ojciec chrzestny
67%
11. 2023 Oppenheimer
67%
2. 2019 Parasite
67%
4. 1999 Podziemny krąg
67%
31. 1995 Siedem
67%
12. 1989 Stowarzyszenie umarłych poetów
67%
71. 1976 Taksówkarz
67%
7. 2014 Whiplash
67%
66. 2025 Wielki Marty
67%
68. 2004 Wredne dziewczyny
67%
20. 1999 Zakochana złośnica
67%
45. 2009 500 dni miłości
33%
25. 2000 American Psycho
33%
57. 2024 Anora
33%
94. 2009 Avatar
33%
64. 2019 Avengers: Koniec gry
33%
63. 2018 Avengers: Wojna bez granic
33%
42. 2012 Charlie
33%
100. 1990 Chłopcy z ferajny
33%
90. 2017* Coco
33%
74. 2024 Deadpool & Wolverine
33%
16. 2021 Diuna
33%
28. 2024 Diuna: Część druga
33%
77. 2001 Donnie Darko
33%
73. 2018 Dziedzictwo. Hereditary
33%
56. 2009* Fantastyczny pan Lis
33%
33. 1994 Forrest Gump
33%
61. 2025 Frankenstein
33%
35. 2014 Grand Budapest Hotel
33%
88. 2001 Harry Potter i Kamień Filozoficzny
33%
85. 2004 Harry Potter i więzień Azkabanu
33%
40. 2003 Kill Bill: Vol 1
33%
72. 2009* Koralina i tajemnicze drzwi
33%
43. 2017 Lady Bird
33%
39. 1980 Lśnienie
33%
82. 2006 Mała Miss
33%
47. 2019 Małe kobietki
33%
52. 2022 Menu
33%
21. 2019 Midsommar
33%
44. 1991 Milczenie owiec
33%
41. 2024 Nosferatu
33%
93. 2016 Nowy początek
33%
86. 2013 Ona
33%
87. 2004 Pamiętnik
33%
96. 2022 Pearl
33%
55. 2019 Pewnego razu w Hollywood
33%
99. 2023 Poprzednie życie
33%
91. 1985 Powrót do przyszłości
33%
59. 2007* Ratatuj
33%
92. 2004* Ruchomy zamek Hauru
33%
38. 2023 Saltburn
33%
79. 2010 Scott Pilgrim kontra świat
33%
65. 1994 Skazani na Shawshank
33%
58. 2021 Spiderman: Bez drogi do domu
33%
30. 2023* Spider-Man: Poprzez multiwersum
33%
17. 2018* Spider-Man Uniwersum
33%
27. 2001* Spirited Away: W Krainie Bogów
33%
97. 2014 Strażnicy galaktyki
33%
29. 2025 Superman
33%
48. 2017 Tamte dni, tamte noce
33%
75. 1997 Titanic
33%
9. 1998 Truman Show
33%
15. 2017 Uciekaj
33%
89. 2015* W głowie się nie mieści
33%
84. 2024* W głowie się nie mieści 2
33%
53. 2024 Wicked
33%
26. 2013 Wilk z Wallstreet
33%
67. 2001 Władca Pierścieni: Drużyna Pierścienia
33%
8. 2022 Wszystko wszędzie naraz
33%
50. 2010 Wyspa tajemnic
33%
51. 2014 Zaginiona dziewczyna
33%
14. 2004 Zakochany bez pamięci
33%
98. 2025 Żywy czy martwy
33%
70. 2017 Baby Driver
0%
37. 2024 Challengers
0%
78. 2006 Diabeł ubiera się u Prady
0%
95. 2005 Duma i uprzedzenie
0%
81. 2012 Igrzyska śmierci
0%
69. 1999 Matrix
0%
76. 2025 Mickey 17
0%
83. 2010 Social Network
0%
13. 2024 Substancja
0%
49. 2025 Zniknięcia
0%
Nie znaleziono quizów pasujących do podanych kryteriów
Rozkład punktacji
Procent ludzi z każdym wynikiem
Percentyl według liczby udzielonych odpowiedzi
Twoja historia wyników
Nie rozwiązałeś tego quizu od ostatniego zresetowania